FNAF 2 MOVIE ANIMATRONICS - Statistiques

Statistiques générales
  • Ce quiz a été pris 91 fois
    88 depuis la dernière actualisation
  • Le résultat moyen est 12 sur 14
Statistiques - réponses
Par images Réponse % Correct
Toy Bonnie
97%
Toy Freddy
97%
Mangle
95%
Toy Chica
95%
Puppet
92%
Springtrap
88%
Withered Bonnie
88%
Withered Chica
88%
Withered Foxy
88%
Withered Freddy
86%
Circus Baby
84%
Balloon Boy
83%
Shadow bonnie
73%
Spring Bonnie
66%
Aucun quiz correspondant
Distribution des résultats
% des personnes avec chaque résultat
Percentile par nombre de réponses
Votre historique - résultats
Vous n’avez pas pris ce quiz depuis la dernière actualisation